[Event "KEN-ch"]
[Site "Nairobi"]
[Date "2022.12.28"]
[Round "5"]
[White "Oruke, Glen Kingoina"]
[Black "Sinoya, Evans"]
[Result "0-1"]
[WhiteElo "1672"]
[BlackElo "1673"]
[PlyCount "72"]
[EventDate "2022.12.26"]
[EventType "swiss"]
[EventRounds "9"]
[EventCountry "KEN"]
[SourceTitle "EXT 2024"]
[Source "ChessBase"]
[SourceDate "2023.10.10"]
[SourceVersion "1"]
[SourceVersionDate "2023.10.10"]
[SourceQuality "1"]

1. d4 Nf6 2. c4 e6 3. Nc3 Bb4 4. e3 0-0 5. Bd3 d5 6. a3 dxc4 7. Bxc4 Bxc3+ 8. bxc3 Nbd7 9. f3 c5 10. Ne2 Qc7 11. Ba2 e5 12. d5 e4 13. fxe4 Nxe4 14. 0-0 Ndf6 15. h3 Qe5 16. Bb2 b5 17. Qc2 c4 18. Rad1 Nxd5 19. Bb1 f5 20. Bc1 Ndxc3 21. Nxc3 Qxc3 22. Qe2 Qe5 23. Bb2 Qe7 24. Rd5 c3 25. Bxe4 Qxe4 26. Rd4 Qc6 27. Rc1 cxb2 28. Rxc6 b1Q+ 29. Rd1 Qe4 30. Rc7 Be6 31. Rd6 Rad8 32. Qb2 Qxe3+ 33. Kh1 Qg5 34. Rxe6 Rd1+ 35. Kh2 Qf4+ 36. g3 Rd2+ 0-1

[Event "KEN-ch"]
[Site "Nairobi"]
[Date "2021.12.27"]
[Round "4"]
[White "Hinga, Githinji"]
[Black "Oruke, Glen Kingoina"]
[Result "0-1"]
[WhiteElo "1970"]
[BlackElo "1645"]
[PlyCount "79"]
[EventDate "2021.12.26"]
[EventType "swiss"]
[EventRounds "9"]
[EventCountry "KEN"]
[SourceTitle "EXT 2023"]
[Source "ChessBase"]
[SourceDate "2022.10.05"]
[SourceVersion "1"]
[SourceVersionDate "2022.10.05"]
[SourceQuality "1"]

1. e4 e6 2. d4 d5 3. Nd2 c5 4. dxc5 Bxc5 5. Bd3 Nf6 6. Qe2 Nc6 7. Ngf3 a6 8. a3 b5 9. 0-0 0-0 10. Nb3 Be7 11. e5 Nd7 12. Nbd4 Ndxe5 13. Nxe5 Nxd4 14. Qe3 Bc5 15. b4 Ba7 16. Bb2 Nf5 17. Qh3 Qg5 18. Kh1 g6 19. Nc6 h5 20. f4 Qg4 21. Bxf5 gxf5 22. Qc3 f6 23. Rf3 h4 24. h3 Qh5 25. g4 fxg4 26. hxg4 Qh7 27. g5 fxg5 28. Ne7+ Kf7 29. fxg5+ Kxe7 30. Rxf8 Qe4+ 31. Rf3 Bd7 32. Re1 d4 33. Qd3 Qxe1+ 34. Rf1 Bc6+ 35. Kh2 Qg3+ 36. Qxg3 hxg3+ 37. Kxg3 Rg8 38. Kg4 e5 39. Rf6 Bd7+ 40. Kh5 0-1

[Event "KEN-ch"]
[Site "Nairobi"]
[Date "2021.12.26"]
[Round "2"]
[White "Njoroge, Martin"]
[Black "Oruke, Glen Kingoina"]
[Result "1-0"]
[WhiteElo "1901"]
[BlackElo "1645"]
[PlyCount "93"]
[EventDate "2021.12.26"]
[EventType "swiss"]
[EventRounds "9"]
[EventCountry "KEN"]
[SourceTitle "EXT 2023"]
[Source "ChessBase"]
[SourceDate "2022.10.05"]
[SourceVersion "1"]
[SourceVersionDate "2022.10.05"]
[SourceQuality "1"]

1. d4 Nf6 2. Bf4 Nh5 3. Bg3 h6 4. Bh4 g6 5. e3 Bg7 6. Be2 Nf6 7. Nf3 c5 8. c4 Qb6 9. Qb3 Qxb3 10. axb3 d6 11. Nc3 Nc6 12. Nb5 0-0 13. 0-0 a6 14. Nc7 Rb8 15. Nd5 g5 16. Bg3 cxd4 17. Nxd4 Nxd5 18. cxd5 Nxd4 19. exd4 Bxd4 20. Rac1 Bxb2 21. Rc7 Bf6 22. f4 g4 23. Bd3 Rd8 24. Rfc1 b5 25. f5 Bb7 26. Be4 Kf8 27. Bf4 h5 28. Kf2 Ke8 29. Ke2 Rdc8 30. Rxb7 Rxb7 31. Rxc8+ Kd7 32. Rc1 Rc7 33. Rxc7+ Kxc7 34. h3 gxh3 35. gxh3 Kb6 36. Be3+ Ka5 37. Bd2+ b4 38. Bd3 Bc3 39. Be3 Bf6 40. Kf3 Bc3 41. Be2 Bf6 42. Kf4 h4 43. Kg4 e5 44. fxe6 fxe6 45. dxe6 d5 46. Bg5 Bxg5 47. Kxg5 1-0

[Event "KEN-chT"]
[Site "Nairobi"]
[Date "2019.06.23"]
[Round "19.3"]
[White "Oruke, Glen Kingoina"]
[Black "Shile, Lenny Mataiga"]
[Result "1-0"]
[WhiteElo "1435"]
[BlackElo "1769"]
[PlyCount "84"]
[EventDate "2019.02.09"]
[EventType "team-tourn"]
[EventRounds "27"]
[EventCountry "KEN"]
[SourceTitle "CBM 192 Extra"]
[Source "Chessbase"]
[SourceDate "2019.11.06"]
[SourceVersion "1"]
[SourceVersionDate "2019.11.06"]
[SourceQuality "1"]
[WhiteTeam "Anchor"]
[BlackTeam "Bank of Africa"]
[WhiteTeamCountry "KEN"]
[BlackTeamCountry "KEN"]

1. d4 Nf6 2. c4 g6 3. Nc3 d5 4. Bf4 Bg7 5. e3 c6 6. Nf3 0-0 7. Be2 h6 8. Ne5 Be6 9. h4 dxc4 10. Nxc4 Nd5 11. Be5 Nxc3 12. bxc3 Bxc4 13. Bxc4 Qa5 14. Qc2 Nd7 15. Bf4 e5 16. Bg3 exd4 17. exd4 Rae8+ 18. Kf1 Nb6 19. Bb3 Nd5 20. Bd6 Ne7 21. Rh3 Kh8 22. Re1 Qd8 23. Ba3 a5 24. Rf3 f5 25. Rg3 b5 26. Qd2 a4 27. Bc2 Kh7 28. Re6 Rf6 29. Qe2 Rxe6 30. Qxe6 Qd5 31. Re3 Qxe6 32. Rxe6 Bf8 33. Bxe7 Rxe7 34. Rxc6 Rd7 35. h5 Rd6 36. hxg6+ Kxg6 37. Rc5 b4 38. cxb4 Rxd4 39. Rxf5 Kg7 40. Bxa4 Bxb4 41. Bb3 Re4 42. Rf7+ Kg6 1-0

[Event "KEN-chT"]
[Site "Nairobi"]
[Date "2019.04.13"]
[Round "9.4"]
[White "Ramesh, Vasanth"]
[Black "Oruke, Glen Kingoina"]
[Result "1-0"]
[WhiteElo "1828"]
[BlackElo "1435"]
[PlyCount "56"]
[EventDate "2019.02.09"]
[EventType "team-tourn"]
[EventRounds "27"]
[EventCountry "KEN"]
[SourceTitle "CBM 192 Extra"]
[Source "Chessbase"]
[SourceDate "2019.11.06"]
[SourceVersion "1"]
[SourceVersionDate "2019.11.06"]
[SourceQuality "1"]
[WhiteTeam "Nairobi CC"]
[BlackTeam "Anchor"]
[WhiteTeamCountry "KEN"]
[BlackTeamCountry "KEN"]

1. c4 e5 2. Nc3 Nf6 3. g3 Bb4 4. Bg2 Nc6 5. Nf3 a5 6. 0-0 d6 7. Qc2 Bd7 8. d3 h6 9. a3 Bc5 10. b3 Qe7 11. Bb2 0-0-0 12. Nd5 Nxd5 13. cxd5 Nb8 14. d4 exd4 15. Bxd4 Rhe8 16. Rfe1 g5 17. Bxc5 dxc5 18. e4 h5 19. e5 Na6 20. Qd2 g4 21. Nh4 Be6 22. Rad1 c6 23. d6 Qd7 24. Qxa5 Bxb3 25. Rb1 Bd5 26. Bf1 c4 27. Rec1 Qe6 28. Ng2 Bxg2 1-0